| 000 | 01132cam a22003011 4500 | ||
|---|---|---|---|
| 001 | f 01001073 | ||
| 003 | DLC | ||
| 005 | 20260227111239.0 | ||
| 008 | 890622s1900 fr b 000 0 fre | ||
| 010 | _af 01001073 | ||
| 035 | _a(OCoLC)19909375 | ||
| 040 |
_aDLC _cTxU _dTxU _dOCoLC _dDLC |
||
| 041 | 1 |
_afre _heng |
|
| 042 | _apremarc | ||
| 050 | 0 | 0 |
_aHC254 _b.A8 |
| 100 | 1 |
_aAshley, W. J. _q(William James), _d1860-1927. |
|
| 240 | 1 | 0 |
_aIntroduction to English economic history and theory. _lFrench |
| 245 | 1 | 0 |
_aHistoire et doctrines économiques de l'Angleterre, _cpar W.J. Ashley ... Tr. sur la 3. éd. anglaise, rev. par l'auteur ... |
| 260 |
_aParis, _bV. Giard & E. Brière, _c1900. |
||
| 300 |
_a2 v. _c23 cm. |
||
| 490 | 0 | _aBibliothèque internationale d'économie politique | |
| 504 | _aBibliographies at beginning of each chapter. | ||
| 505 | 0 | _aI. Le moyen âge; tr. par P. Bondois.--II. La fin du moyen âge; tr. par S. Bouyssy. | |
| 650 | 0 |
_aEconomics _zGreat Britain _xHistory. |
|
| 651 | 0 |
_aGreat Britain _xEconomic conditions. |
|
| 700 | 1 |
_aBondois, Paul, _d1850- _etr. |
|
| 700 | 1 |
_aBouyssy, Savinien, _etr. |
|
| 999 |
_c22524 _d22524 |
||